Statistiques concernant Roland Garros : Palmarès Hommes

Cliquez ici pour prendre le quiz!

Statistiques générales

  • Ce quiz a été pris 776 fois
    (541 depuis la dernière actualisation)
  • Le résultat moyen est 32 sur 52

Statistiques - réponses

AnnéeHommes% Correct
2019Rafael Nadal
100%
2006Rafael Nadal
100%
2017Rafael Nadal
100%
2018Rafael Nadal
100%
2014Rafael Nadal
100%
2013Rafael Nadal
100%
2012Rafael Nadal
100%
2011Rafael Nadal
100%
2010Rafael Nadal
100%
2005Rafael Nadal
100%
2008Rafael Nadal
100%
2007Rafael Nadal
100%
2016Novak Djokovic
98%
2009Roger Federer
98%
2015Stanislas Wawrinka
89%
1983Yannick Noah
87%
1974Björn Borg
74%
1981Björn Borg
74%
1978Björn Borg
74%
1975Björn Borg
74%
1980Björn Borg
74%
1979Björn Borg
74%
1999Andre Agassi
73%
1997Gustavo Kuerten
60%
2000Gustavo Kuerten
60%
2001Gustavo Kuerten
60%
1984Ivan Lendl
58%
1986Ivan Lendl
58%
1987Ivan Lendl
58%
1989Michael Chang
54%
1988Mats Wilander
49%
1985Mats Wilander
49%
1982Mats Wilander
49%
2003Juan Carlos Ferrero
47%
1998Carlos Moyà
43%
1991Jim Courier
38%
1992Jim Courier
38%
2004Gaston Gaudio
34%
1969Rod Laver
34%
1973Illie Nastase
33%
1993Sergi Bruguera
31%
1994Sergi Bruguera
31%
2002Albert Costa
29%
1996Ievgueni Kafelnikov
29%
1977Guilermo Vilas
28%
1995Thomas Muster
28%
1990Andrés Gomez
25%
1968Ken Rosewall
16%
1976Adriano Panatta
15%
1971Jan Kodes
12%
1970Jan Kodes
12%
1972Andrés Gimeno
11%

Distribution des résultats

Percentile par nombre de réponses

% des personnes avec chaque résultat

Votre développement - résultats

Vous n’avez pas pris ce quiz depuis la dernière actualisation